000 00788nam a2200217 a 4500
999 _c2065
_d2065
001 2065
003 BD-JhCC
005 20171029130547.0
008 171029s1985 bg |||| ||a| 001 0 ben d
035 _a(BD-JhCC)2065
040 _aBD-JhCC
_dBD-JhCC
041 _aben
082 _a891.4415
_bMON 1985
100 _aমনিরুজ্জামান, মোহাম্মদ
245 _aআধুনিক বাংলা কবিতা : প্রাসঙ্গিকতা ও পরিপ্রেক্ষিত /
_cমোহাম্মদ মনিরুজ্জামান
260 _aঢাকা :
_bঢাকা বিশ্ববিদ্যালয়,
_c1985.
300 _a273 p. :
_c22 cm.
650 _aBengali Poetry
942 _2ddc
_cBK